| 000 | 00309nam a2200121Ia 4500 | ||
|---|---|---|---|
| 008 | 240731s9999 xx 000 0 und d | ||
| 022 | _a2324-7800 | ||
| 245 | 0 | _aJournal of Spanish Language Teaching | |
| 260 | _bRoutledge | ||
| 856 | _uhttps://www.tandfonline.com/loi/rslt20 | ||
| 942 | _2ddc | ||
| 942 | _cTFEJ | ||
| 999 |
_c78179 _d78179 |
||
| 945 |
_a1 _bMadushi Gamage _c1 _dMadushi Gamage |
||